Sports Quiz

Random Sports or Basketball Quiz

Winningest Active NCAA Basketball Coache Quiz Stats

 Plays Quiz not verified by Sporcle

Also try: NHL Captains
Challenge
Share
Tweet
Embed
Score 0/20 Timer 05:00
0 Plays Today
Wins Coach % Correct
600Roy Williams
88.8%
839Mike Krzyzewski
86.6%
629Gary Williams
86.1%
805Jim Boeheim
78.7%
809Jim Calhoun
74.9%
556Rick Pitino
60.3%
644Bob Huggins
36.5%
579Bo Ryan
24.3%
573Mike Montgomery
17.9%
520Bobby Cremins
13.2%
Wins Coach % Correct
510John Beilein
9.7%
634Tom Penders
6.9%
605Homer Drew
5.2%
566Ben Braun
2.5%
563Cliff Ellis
1.2%
482Dave Bike
0.7%
563Rick Byrd
0.5%
564Larry Hunter
0.2%
562Pat Douglas
0.2%
488Stew Morrill
0.2%

You're not logged in!

Compare scores with friends on all Sporcle quizzes.
Join for Free
OR
Log In

You Might Also Like...

Show Comments

Extras

Top Quizzes Today


Score Distribution

Your Account Isn't Verified!

In order to create a playlist on Sporcle, you need to verify the email address you used during registration. Go to your Sporcle Settings to finish the process.

Report this User

Report this user for behavior that violates our Community Guidelines.

Details: